Joint Memorandum To Parliament Ministry If Finance And Economic Planning And Ministry Of Communication Title: Preferential Buyer's Credit Facility Between The Government Of Ghana And The Export Import Bank Of China For An Amount Of Us$127,500,000.00 Million To Finance Ghana E-Government Platform Project (Record no. 4815)

MARC details
000 -LEADER
fixed length control field 00857nam a22001817a 4500
003 - CONTROL NUMBER IDENTIFIER
control field OSt
005 - DATE AND TIME OF LATEST TRANSACTION
control field 20241122120056.0
008 - FIXED-LENGTH DATA ELEMENTS--GENERAL INFORMATION
fixed length control field 241122b |||||||| |||| 00| 0 eng d
041 ## - LANGUAGE CODE
Language code of text/sound track or separate title English
082 ## - DEWEY DECIMAL CLASSIFICATION NUMBER
Classification number PM/PBC/11 Acc. No. 10,428
100 ## - MAIN ENTRY--PERSONAL NAME
Personal name Dr. Kwabena Duffuor And Hon. Haruna Iddrisu
110 ## - MAIN ENTRY--CORPORATE NAME
Corporate name or jurisdiction name as entry element Ministry If Finance And Economic Planning And Ministry Of Communication
245 ## - TITLE STATEMENT
Title Joint Memorandum To Parliament Ministry If Finance And Economic Planning And Ministry Of Communication Title: Preferential Buyer's Credit Facility Between The Government Of Ghana And The Export Import Bank Of China For An Amount Of Us$127,500,000.00 Million To Finance Ghana E-Government Platform Project
260 ## - PUBLICATION, DISTRIBUTION, ETC.
Place of publication, distribution, etc. Accra
Name of publisher, distributor, etc. Parliament Of Ghana
Date of publication, distribution, etc. 10th March, 2011
300 ## - PHYSICAL DESCRIPTION
Extent 3p.
650 ## - SUBJECT ADDED ENTRY--TOPICAL TERM
Source of heading or term Finance Ghana E-Government Platform Project
942 ## - ADDED ENTRY ELEMENTS (KOHA)
Source of classification or shelving scheme Dewey Decimal Classification
Koha item type Memorandum
Suppress in OPAC No
Holdings
Withdrawn status Lost status Source of classification or shelving scheme Damaged status Not for loan Home library Current library Shelving location Date acquired Total checkouts Full call number Date last seen Copy number Price effective from Koha item type
    Dewey Decimal Classification     Main Library Main Library Open Shelves 22/11/2024   PM/PBC/11 Acc. No. 10,428 22/11/2024 1 22/11/2024 Memorandum
©2026  Parliament of Ghana Library - All rights reserved